Pyramídová analýza rentability banky
Pohľad na pyramídovú analýzu základných ukazovateľov banky vychádzajúcich zo zisku. Obmedzenia pri použití pyramídovej analýzy. Dekompozícia zisku.
Salvato in:
| Autore principale: | |
|---|---|
| Natura: | Capitolo di libro |
| Lingua: | slovacco |
| Soggetti: | |
| Tags: |
Nessun Tag, puoi essere il primo ad aggiungerne!!
|
MARC
| LEADER | 00000naa$a2200000$$$4500 | ||
|---|---|---|---|
| 001 | 0084814 | ||
| 005 | 20240502071948.5 | ||
| 041 | 0 | |a slo | |
| 044 | |a SK | ||
| 245 | 1 | 0 | |a Pyramídová analýza rentability banky |c Martin Vovk |
| 520 | |a Pohľad na pyramídovú analýzu základných ukazovateľov banky vychádzajúcich zo zisku. Obmedzenia pri použití pyramídovej analýzy. Dekompozícia zisku. | ||
| 610 | 2 | 0 | |a bankovníctvo |
| 610 | 2 | 0 | |a banky |
| 610 | 2 | 0 | |a rentabilita |
| 610 | 2 | 0 | |a ukazovatele finančné |
| 610 | 2 | 0 | |a zisk |
| 610 | 2 | 0 | |a úrok |
| 610 | 2 | 0 | |a výnosy |
| 100 | 1 | |a Vovk, Martin, 1976- | |